| 000 | 00484nam a2200169 i 4500 | ||
|---|---|---|---|
| 001 | 37537 | ||
| 003 | ES-MaACL | ||
| 005 | 20230906155609.0 | ||
| 007 | t| | ||
| 008 | 030318n18001899fr ||||1| fre d | ||
| 100 | 1 |
_aCollot, Louis. _939755 |
|
| 245 | 1 | 0 |
_aSur l'existence de la néphélinite áa Rougiers (Var) / _cpar Michel Lévy et Louis Collot. |
| 260 |
_aParis : _bGauthier-Villars, _c[18--] |
||
| 300 | _a3 p. | ||
| 700 | 1 |
_aLévy, Michel. _972006 |
|
| 852 |
_aES-MaACL _jT-902-F |
||
| 999 |
_c37537 _d37537 |
||